| 000 | 00476cab a2200193 4500 | ||
|---|---|---|---|
| 001 | X2018 | ||
| 008 | 090401t1995 xxu||||| |||| 00| 0 eng d | ||
| 035 | _a(Sirsi) u21187 | ||
| 041 | _aeng | ||
| 245 | _aMembers` affairs: Rural practice | ||
| 260 | _c1995 | ||
| 350 | _a0 | ||
| 490 |
_aCSM (Chartered Surveyor Monthly) _v4(4) February 1995, 45(1) |
||
| 650 |
_aAPC _96216 |
||
| 650 | _aTRAINING COURSES | ||
| 690 | _aRURAL PRACTICE | ||
| 942 | _n0 | ||
| 948 | _c04/03/1997 | ||
| 999 |
_c14220 _d14220 |
||